Music Quiz

Random Music or Song Quiz

Songs with the Wrong Vowels Quiz Stats

 Plays Quiz Updated Dec 8, 2011

Challenge
Share
Tweet
Embed
Score 0/26 Timer 05:00
3 Plays Today
Wrong Vowels Correct Titles % Correct
LugsLegs
81.4%
Cell MaCall Me
81.1%
Le BimboLa Bamba
78.1%
O Went Year SixI Want Your Sex
76.8%
Hat StiffHot Stuff
75.4%
Brawn SagerBrown Sugar
74.3%
Torn! Torn! Torn!Turn! Turn! Turn!
71.5%
CroupCreep
71%
Kong If PeonKing of Pain
68.6%
LuluLola
64.5%
Block Hula SinBlack Hole Sun
62.3%
Jingli LavaJungle Love
62.2%
Whin Divas CroWhen Doves Cry
60%
Wrong Vowels Correct Titles % Correct
Ill Sheik OpAll Shook Up
59.5%
96 Tours96 Tears
59.5%
Lit At BloodLet It Bleed
58.7%
Ivan FlewEven Flow
58.3%
Frau BardFree Bird
52.4%
Mara Thin I FailongMore Than a Feeling
51.4%
Bong I Gang (Gut At In)Bang a Gong (Get It On)
50%
RolexRelax
46.4%
Ill Crood EatAll Cried Out
46.3%
RueRio
26%
Peeni MenPiano Man
25.2%
Do Die Ran RunDa Doo Ron Ron
18.4%
Laaaa, LaaaaLouie, Louie
12.7%

You're not logged in!

Compare scores with friends on all Sporcle quizzes.
OR
Log In

You Might Also Like...

Show Comments

Extras

Top Quizzes Today


Score Distribution

Your Account Isn't Verified!

In order to create a playlist on Sporcle, you need to verify the email address you used during registration. Go to your Sporcle Settings to finish the process.

Report this User

Report this user for behavior that violates our Community Guidelines.

Details: